000 01070nam a22002177a 4500
005 20240530110532.0
008 160320s2012 ua f b 000 0 ara d
017 _a2012/1687
_bمصر . دار الكتب المصرية
020 _a9789774901503
040 _aEG-CaGPL
082 0 4 _221
_a962.810
_bق/م إ
100 0 _aمحمد عبدالهادى علام .
245 1 0 _aاسقاط نظام مايو 1971 و المشروع الامريكى الصهيونى :
_bثورة 25 يناير .. الثورة مستمرة : السجل الاسود لاسوا عصور الانحطاط .. و تحديات المستقبل : خرافات السلام و الرخاء و الاستقرار و المواطنة /
_cمحمد عبدالهادى علام .
250 _aط1.
260 _aالقاهرة :
_bدار العين للنشر ،
_c2012 .
300 _a358 ص ؛
_c24 سم .
651 0 4 _aمصر
_xتاريخ
_yثورة 25 يناير .
651 0 4 _aمصر
_xالاحوال السياسية .
942 _2ddc
_cBK
999 _c62105
_d62105